| Tag |
First Indicator |
Second Indicator |
Subfields |
| LEADER |
00000cam a2200000 a 4500 |
| 001 |
in00000644021 |
| 005 |
20151015064216.0 |
| 008 |
800701s1980 it a 00000 engmd |
| 010 |
|
|
|a 79014746
|
| 035 |
|
|
|a (OCoLC)06476757
|
| 035 |
|
|
|9 ACW2543AM
|
| 040 |
|
|
|a MFM
|c MFM
|d m.c.
|d TXA
|d UtOrBLW
|
| 049 |
|
|
|a TXAM
|c [983784]
|
| 090 |
|
|
|a DG12
|b .A575 v.35
|
| 245 |
0 |
0 |
|a Studies in Italian art and architecture, 15th through 18th centuries /
|c edited by Henry A. Millon.
|
| 264 |
|
1 |
|a Rome :
|b Edizioni Dell'Elefante ;
|a Cambridge, Mass. :
|b MIT Press,
|c [1980]
|
| 264 |
|
4 |
|c ©1980
|
| 300 |
|
|
|a 337 pages :
|b illustrations ;
|c 30 cm.
|
| 336 |
|
|
|a text
|b txt
|2 rdacontent
|
| 337 |
|
|
|a unmediated
|b n
|2 rdamedia
|
| 338 |
|
|
|a volume
|b nc
|2 rdacarrier
|
| 490 |
1 |
|
|a Studies in Italian art history ;
|v v. 1
|
| 490 |
1 |
|
|a Memoirs of the American Academy in Rome ;
|v v. 35
|
| 504 |
|
|
|a Includes bibliographical references.
|
| 650 |
|
0 |
|a Art, Italian.
|
| 650 |
|
0 |
|a Art, Renaissance
|z Italy.
|
| 700 |
1 |
|
|a Millon, Henry A.
|
| 830 |
|
0 |
|a Memoirs of the American Academy in Rome ;
|v v.35.
|
| 830 |
|
0 |
|a Studies in Italian art history ;
|v 1.
|
| 999 |
|
|
|a MARS
|
| 999 |
f |
f |
|s ca51e636-8070-3320-a3fa-303611e9a674
|i f05f2bae-2fe6-33f0-ab3f-67b1452687af
|t 0
|
| 952 |
f |
f |
|p ric
|a Texas A&M University
|b Rellis Campus
|c Joint Library Facility
|d Remote Storage
|t 0
|e DG12 .A575 v.35
|h Library of Congress classification
|i unmediated -- volume
|m A14803395508
|
| 998 |
f |
f |
|a DG12 .A575 v.35
|t 0
|l Remote Storage
|